[Event "4th Open C Women"]
[Site "Moscow RUS"]
[Date "2008.02.04"]
[Round "3"]
[White "Repina,V"]
[Black "Golban,L"]
[Result "1-0"]
[WhiteElo "2158"]
[BlackElo "1910"]

1.e4 c5 2.Nf3 e6 3.d4 cxd4 4.Nxd4 a6 5.Bd3 Bc5 6.Nb3 Ba7 7.O-O Nc6 8.c4 Nge7
9.Nc3 O-O 10.Kh1 f5 11.exf5 Nxf5 12.Bxf5 Rxf5 13.Be3 Bxe3 14.fxe3 Rf8 15.Qd6 Qe7
16.Qxe7 Nxe7 17.c5 Nf5 18.e4 Ne3 19.Rxf8+ Kxf8 20.Na5 Rb8 21.Re1 Nc2 22.Rf1+ Ke7
23.Nc4 b6 24.Nxb6 Bb7 25.Rf2 Ne3 26.h3 Bc6 27.Kg1 Rf8 28.Rxf8 Kxf8 29.Kf2 Nc2
30.g3 Ke7 31.Ke2 Kf6 32.Kd2 Nd4 33.b4 Nf3+ 34.Kd3 Ke7 35.a4 Ng5 36.b5 axb5
37.axb5 Bb7 38.h4 Nf3 39.Nc4 g5 40.h5 h6 41.Nd6 Ba8 42.Na4 Ne5+ 43.Kd4 Ng4
44.Nb6 Bc6 45.bxc6 dxc6  1-0

[Event "Velammal 45th National A ch-IND"]
[Site "Chennai IND"]
[Date "2008.02.05"]
[Round "3"]
[White "Arun,K"]
[Black "Prathamesh,S"]
[Result "0-1"]
[WhiteElo "2313"]
[BlackElo "2371"]

1.e4 c5 2.Nf3 e6 3.d4 cxd4 4.Nxd4 a6 5.Bd3 Nf6 6.c4 Nc6 7.Nxc6 dxc6 8.O-O e5
9.h3 Bc5 10.Qf3 O-O 11.Bg5 h6 12.Bd2 Qe7 13.Bc3 Rd8 14.Rd1 Bd4 15.Bxd4 Rxd4
16.Nc3 Be6 17.Ne2 Rd7 18.Rdc1 Rad8 19.Rc3 b5 20.a3 bxc4 21.Bxc4 Bxc4 22.Rxc4 Rd3
23.Qf5 g6  0-1

[Event "FSIMA February"]
[Site "Budapest HUN"]
[Date "2008.02.06"]
[Round "5"]
[White "Lengyel,B"]
[Black "Steel,H"]
[Result "1/2-1/2"]
[WhiteElo "2261"]
[BlackElo "2241"]

1.e4 c5 2.Nf3 e6 3.d4 cxd4 4.Nxd4 a6 5.Bd3 Bc5 6.Nb3 Ba7 7.Qe2 Nc6 8.Be3 Bxe3
9.Qxe3 Nf6 10.c4 Qc7 11.Nc3 Ne5 12.Rd1 O-O 13.O-O d6 14.Rd2 b6 15.Rfd1 Bb7
16.Be2 Rfd8 17.f3 Rab8 18.h3 Ba8 19.f4 Nxc4 20.Bxc4 Qxc4 21.Rxd6 Rxd6 22.Rxd6 Qc7
23.e5 Nd5 24.Nxd5 Bxd5 25.Nd4 Rd8 26.Qc3 Qe7 27.Nc6 Bxc6 28.Qxc6 Rb8 29.Qc4 h5
30.Qxa6 b5 31.Kh2 g5 32.Rd4 gxf4 33.Rxf4 Qg5 34.Re4 Qf5 35.Qa7 Qxe4 36.Qxb8+ Kg7
37.Qxb5 Qf4+ 38.Kg1 Qe3+ 39.Kf1 Qf4+ 40.Kg1  1/2-1/2

[Event "4th Open C Women"]
[Site "Moscow RUS"]
[Date "2008.02.07"]
[Round "6"]
[White "Kostrikina,A"]
[Black "Burtasova,A"]
[Result "1/2-1/2"]
[WhiteElo "2138"]
[BlackElo "2345"]

1.e4 c5 2.Nf3 e6 3.d4 cxd4 4.Nxd4 a6 5.Bd3 Nf6 6.O-O d6 7.Nc3 b5 8.a3 Bb7
9.f4 Nbd7 10.Kh1 Be7 11.Qe2 Qc7 12.Bd2 O-O 13.Rae1 Nc5 14.b4 Nxd3 15.cxd3 Nd7
16.Rc1 Qd8 17.Nb3 Rc8 18.Rc2 Nb6 19.Rfc1 Qd7 20.Na5 Ba8 21.Be3 Bd8 22.Qf2 Na4
23.Nxa4 Bxa5 24.Nb6 Bxb6 25.Bxb6 Rxc2 26.Qxc2 f5 27.exf5 exf5 28.Qc7 Qe6
29.Bd4 Bxg2+ 30.Kg1 Qg6 31.Qxg7+ Qxg7 32.Bxg7 Kxg7 33.Kxg2 Kf6 34.Rc6 Ke6
35.Kf3 Ra8 36.Rc7 a5 37.Rxh7 axb4 38.axb4 Ra4 39.Ke3 Rxb4 40.Rh6+ Kd5 41.Rf6 Rb2
42.h4 Rh2 43.Rxf5+ Kc6 44.Kd4 Rxh4 45.Kc3 Rh1 46.Kb3 Rd1 47.Kc2 Rf1 48.Kb3 Rb1+
49.Kc2 Rb4 50.Kc3 Ra4 51.Kb3 d5 52.Rf8 Kc5 53.Rc8+ Kd4 54.Rb8 Ra5 55.Rd8 Ra1
56.Kb2 Rf1 57.Rb8 Kc5 58.Re8 Kb4 59.Rd8 Rf2+ 60.Kc1 Kc3 61.Rc8+ Kd4 62.Rb8 b4
63.Rb5 Kc3 64.Rc5+ Kb3 65.Rxd5 Rf1+ 66.Kd2 Rxf4 67.Rc5 Rh4 68.Rc8 Kb2 69.Rc2+ Ka3
70.Rc8 Rh2+ 71.Kc1 Rh1+ 72.Kd2 b3 73.Ra8+ Kb2 74.Rc8 Rh2+ 75.Kd1 Rc2 76.Ra8 Rc1+
77.Kd2 Ra1 78.Rb8 Ra4 79.Rb7 Ra8 80.Rb6 Ra2 81.d4 Ka1+ 82.Kc3 b2 83.Kc4 b1=Q
84.Rxb1+ Kxb1 85.Kc5 Kc2 86.d5 Kd3 87.d6 Ke4 88.d7 Ra8 89.Kc6 Ke5 90.Kc7 Ra7+
91.Kc8 Rxd7 92.Kxd7  1/2-1/2

[Event "FSIMA February"]
[Site "Budapest HUN"]
[Date "2008.02.08"]
[Round "7"]
[White "Gara,T"]
[Black "Steel,H"]
[Result "0-1"]
[WhiteElo "2319"]
[BlackElo "2241"]

1.e4 c5 2.Nf3 e6 3.d4 cxd4 4.Nxd4 a6 5.Bd3 Bc5 6.Nb3 Ba7 7.Qe2 Nc6 8.Be3 Bxe3
9.Qxe3 Nf6 10.Nc3 d6 11.O-O-O O-O 12.f4 e5 13.f5 b5 14.Be2 Na5 15.g4 Nxb3+
16.axb3 b4 17.Na4 Rb8 18.Rhg1 d5 19.exd5 Nxd5 20.Qxe5 Bb7 21.Bc4 Re8 22.Qg3 Qg5+
23.Kb1 Ne3 24.h4 Qe7 25.Rge1 Qe5 26.Qxe5 Rxe5 27.Nb6 Bc6 28.Bxa6 Rxb6 29.Rd8+ Be8
30.Bc4 Kf8 31.Rg1 Nxc4 32.bxc4 Ke7  0-1

[Event "4th Open C Women"]
[Site "Moscow RUS"]
[Date "2008.02.08"]
[Round "7"]
[White "Yakovich,Yul"]
[Black "Kineva,E"]
[Result "1-0"]
[WhiteElo "2130"]
[BlackElo "2204"]

1.e4 c5 2.Nf3 e6 3.d4 cxd4 4.Nxd4 a6 5.Bd3 d6 6.c4 Be7 7.O-O Nf6 8.Nc3 Nbd7
9.Qe2 Qc7 10.f4 b6 11.f5 e5 12.Nc2 h5 13.Ne3 Bb7 14.Kh1 Rc8 15.Ned5 Qd8 16.Be3 h4
17.Rfd1 Nh5 18.Qd2 Nc5 19.Bc2 h3 20.g3 Nd7 21.Ba4 O-O 22.Bxd7 Qxd7 23.Bxb6 Nf6
24.Qe2 g6 25.Rf1 gxf5 26.Rxf5 Nh7 27.Qg4+ Kh8 28.Qh5 Rxc4 29.Rxf7 Rxf7 30.Qxf7 Qg4
31.Nxe7 Bxe4+ 32.Kg1 Bd3 33.Qe8+ Kg7 34.Qg8+ Kh6 35.Qxg4 Rxg4 36.Rd1  1-0

[Event "FSIMA February"]
[Site "Budapest HUN"]
[Date "2008.02.11"]
[Round "10"]
[White "Lengyel,B"]
[Black "Schneider,Ve"]
[Result "1/2-1/2"]
[WhiteElo "2261"]
[BlackElo "2250"]

1.e4 c5 2.Nf3 e6 3.d4 cxd4 4.Nxd4 a6 5.Bd3 Bc5 6.Nb3 Ba7 7.Qe2 Nc6 8.Nc3 d6
9.Be3 Nge7 10.Bxa7 Rxa7 11.Qe3 e5 12.Nd5 O-O 13.c4 a5 14.O-O a4 15.Nxe7+ Qxe7
16.Nd2 Ra8 17.a3 Nd4 18.Rac1 Qc7 19.Kh1 Qc5 20.Rc3 Bd7 21.f4 Ne6 22.Qxc5 Nxc5
23.f5 f6 24.Bb1 Bc6 25.h4 Kf7 26.Kh2 Ra6 27.Bc2 Rb6  1/2-1/2

[Event "Velammal 45th National A ch-IND"]
[Site "Chennai IND"]
[Date "2008.02.11"]
[Round "9"]
[White "Shetty,R"]
[Black "Prathamesh,S"]
[Result "0-1"]
[WhiteElo "2320"]
[BlackElo "2371"]

1.e4 c5 2.Nf3 e6 3.d4 cxd4 4.Nxd4 a6 5.Bd3 Nf6 6.O-O Qc7 7.Qe2 d6 8.c4 g6
9.Nc3 Bg7 10.Rd1 O-O 11.Nf3 Nc6 12.Bf4 Nd7 13.Rac1 Nde5 14.Qe3 Bd7 15.Be2 Rfd8
16.Nxe5 dxe5 17.Bh6 Nd4 18.Bxg7 Kxg7 19.Bf1 Qa5 20.a3 Bc6 21.Na2 Ba4 22.Rd3 Nc2
23.Qg3 Rxd3 24.Bxd3 Nd4 25.b4 Qc7 26.Nc3 Bb3 27.c5 Rd8 28.h4 f6 29.Qe3 Rd7
30.Bf1 Qc6 31.Rb1 Rd8 32.Rb2 Ba4 33.Rd2 Bb3 34.Qe1 b6 35.Ne2 bxc5 36.bxc5 Qxc5
37.Nxd4 exd4 38.Bxa6 Qxa3 39.Bf1 e5 40.h5 g5 41.Rd3 Qa4 42.h6+ Kxh6 43.Qb1 Be6
44.Qb6 Qd7 45.Ra3 Qd6 46.Qa7 Rd7 47.Qa8 Kg7 48.Ra6 Qe7 49.Bd3 Rc7 50.Qb8 Bf7
51.Ra8 Kg6 52.Be2 Be6 53.Ra6 Rc1+ 54.Kh2 Bc8 55.Ra7 Qf8 56.Bg4 Qh6+ 57.Bh3  0-1

[Event "10th TCh-Euro sen"]
[Site "Dresden GER"]
[Date "2008.02.15"]
[Round "5"]
[White "Stuerzenbaum,A"]
[Black "Vucenovic,D"]
[Result "1/2-1/2"]
[WhiteElo "2198"]
[BlackElo "2304"]

1.e4 c5 2.Nf3 e6 3.d4 cxd4 4.Nxd4 a6 5.Bd3 Qc7 6.O-O Nf6 7.Qe2 d6 8.c4 Nbd7
9.b3 Nc5 10.Bc2 e5 11.Nf3 Bg4 12.Nc3 Be7 13.h3 Bxf3 14.Qxf3 Ne6 15.Be3 O-O
16.Nd5 Nxd5 17.exd5 Nc5 18.Qg4 g6 19.Bh6 f5 20.Qe2 Rf7 21.Bd2 Bf6 22.Rac1 a5
23.Bc3 Nd7 24.Kh1 e4 25.Bxf6 Rxf6 26.f3 exf3 27.Rxf3 Ne5 28.Rf2 Raf8 29.Rcf1 Kg7
30.Qe3 b6 31.Qd4 Qc5 32.Qc3 a4 33.Bd1 axb3 34.axb3 b5 35.Be2 b4 36.Qd2 Ra8
37.g4 Ra3 38.Bd1 Ra1 39.Kg2 h6 40.gxf5 gxf5 41.Kh2 Kh7 42.Rg2 Ra7 43.Be2 Rg7
44.Bd1  1/2-1/2

[Event "10th TCh-Euro sen"]
[Site "Dresden GER"]
[Date "2008.02.15"]
[Round "5"]
[White "Zunker,R"]
[Black "Postler,R"]
[Result "1/2-1/2"]
[WhiteElo "2251"]
[BlackElo "2304"]

1.e4 c5 2.Nf3 e6 3.d4 cxd4 4.Nxd4 a6 5.Bd3 Nc6 6.c3 Nf6 7.Be3 d5 8.Nd2 Qc7
9.Nxc6 bxc6 10.f4 dxe4 11.Nxe4 Nd5 12.Qf3 Nxe3 13.Qxe3 Be7 14.Nd2 Rb8 15.Nc4 a5
16.Qe5  1/2-1/2

[Event "Festival des Jeux"]
[Site "Cannes FRA"]
[Date "2008.02.16"]
[Round "8"]
[White "Sanchez,Joseph"]
[Black "Hamdouchi,H"]
[Result "1/2-1/2"]
[WhiteElo "2492"]
[BlackElo "2575"]

1.e4 c5 2.Nf3 e6 3.d4 cxd4 4.Nxd4 a6 5.Bd3 Bc5 6.Nb3 Be7 7.Be3 Nc6 8.f4 Nf6
9.N1d2 O-O 10.c3 e5 11.O-O exf4 12.Bxf4 d6 13.Kh1 Ne5 14.Be2 b6 15.Nd4 Bb7
16.Qc2 Ng6 17.Bg3 Re8 18.Rae1 Bf8 19.Bf3 Nd7 20.Bh5 Nge5 21.Bd1 Rc8 22.N2f3 Nxf3
23.Nxf3 Nc5 24.e5 dxe5 25.Nxe5 f6 26.b4 fxe5 27.bxc5 Bxc5 28.Qf5 Rf8 29.Qe6+ Kh8
30.Rxf8+ Qxf8 31.Qxe5 Bc6 32.Qg5 Re8 33.Rxe8 Bxe8 34.Bf3 h6 35.Qe5 Bc6 36.Qe2 Bxf3
37.gxf3 Qf5 38.Kg2 Kh7 39.Qxa6 Qc2+ 40.Kh3 Qf5+ 41.Kg2 Qc2+ 42.Kh3 Qf5+  1/2-1/2

[Event "II ch-Ibero-Americano Gp B"]
[Site "Morelia MEX"]
[Date "2008.02.16"]
[Round "2"]
[White "Escobar Forero,A"]
[Black "Lorenzana,W"]
[Result "1-0"]
[WhiteElo "2461"]
[BlackElo "2230"]

1.e4 c5 2.Nf3 e6 3.d4 cxd4 4.Nxd4 a6 5.Bd3 Nf6 6.Qe2 d6 7.Be3 Nbd7 8.Nd2 b6
9.O-O-O Bb7 10.g4 Nc5 11.f3 Be7 12.Kb1 Qc7 13.g5 Nfd7 14.f4 d5 15.e5 g6 16.h4 b5
17.h5 O-O-O 18.N2b3 Kb8 19.Nxc5 Nxc5 20.Rh3 Ne4 21.Qh2 Rhf8 22.hxg6 hxg6
23.Rh7 Bc8 24.Nb3 Rd7 25.Qg1 Bb7 26.Rh3 Qd8 27.Bb6 Qe8 28.Qd4 Bc8 29.Na5 Rh8
30.Rxh8 Qxh8 31.a4 Qh5 32.Bxe4 dxe4 33.Qxd7 Bxd7 34.Rxd7 Qh1+ 35.Ka2 e3 36.Rxe7 Kc8
37.Nb7 Qd5+ 38.b3 Qxb7 39.Rxb7 e2 40.Bf2 Kxb7 41.axb5  1-0

[Event "TCh-HUN 2007-8"]
[Site "Budapest HUN"]
[Date "2008.02.17"]
[Round "6"]
[White "Tamas,M"]
[Black "Hando,V"]
[Result "0-1"]
[WhiteElo "2141"]
[BlackElo "2194"]

1.e4 c5 2.Nf3 e6 3.d4 cxd4 4.Nxd4 a6 5.Bd3 Nf6 6.O-O Qc7 7.Qe2 d6 8.c4 g6
9.Nc3 Bg7 10.Rd1 O-O 11.Nf3 Nc6 12.h3 Nd7 13.Bf4 Nde5 14.Rac1 f5 15.exf5 gxf5
16.Bb1 Nxf3+ 17.Qxf3 Ne5 18.Qg3 Rf6 19.c5 Rg6 20.cxd6 Qd8 21.Qe3 Nf7 22.Bg3 Bd7
23.f4 Bh6 24.Rc2 Kh8 25.Qe1 Bc6 26.Kh2 Qf6 27.Rd3 Rag8 28.Rf2 Nxd6 29.Rxd6 Rxg3
30.Rdd2 Bxf4 31.Kh1 Rxh3+  0-1

[Event "1st Pfalz Open"]
[Site "Neustadt a.d. Weinstrasse GER"]
[Date "2008.02.18"]
[Round "4"]
[White "Hankel,D"]
[Black "Korneev,O"]
[Result "1/2-1/2"]
[WhiteElo "2208"]
[BlackElo "2645"]

1.e4 c5 2.Nf3 e6 3.d4 cxd4 4.Nxd4 a6 5.Bd3 Bc5 6.Nb3 Ba7 7.O-O Ne7 8.Nc3 Nbc6
9.Qe2 O-O 10.Be3 d6 11.Rad1 b5 12.f4 b4 13.Na4 Bd7 14.Qf2 Nc8 15.e5 Nb8 16.Nac5 Bxc5
17.Nxc5 dxc5 18.Bxc5 Nc6 19.Bxf8 Kxf8 20.f5 Qb6 21.Be4 exf5 22.Rxd7 Qxf2+
23.Rxf2 fxe4 24.Rdxf7+ Ke8 25.Rxg7 N8e7 26.Rxh7 Kd7 27.Re2 Ke6 28.Rxe4 Rd8
29.Rh6+ Kf5 30.Re2 Rd1+ 31.Kf2 Ng6 32.h3 Kg5 33.Rh7 Nf4 34.Rg7+ Kh6 35.Rc7 Nd8
36.Re4 Nde6 37.Rc6 Kg5 38.g3 Nxh3+ 39.Kg2 Kf5 40.Rxb4 Rd2+ 41.Kf1 a5 42.g4+ Kg5
43.Rb8 Nd4 44.Rg8+ Kf4 45.Rc4 Rf2+ 46.Ke1 Re2+ 47.Kf1 Rf2+ 48.Ke1 Re2+ 49.Kf1 Rf2+  1/2-1/2

[Event "18th ch-IRI"]
[Site "Tehran IRI"]
[Date "2008.02.18"]
[Round "3"]
[White "Golizadeh,A"]
[Black "Ghorbani,M"]
[Result "0-1"]
[WhiteElo "2296"]
[BlackElo "2347"]

1.e4 c5 2.Nf3 e6 3.d4 cxd4 4.Nxd4 a6 5.Bd3 Ne7 6.O-O Nbc6 7.Nb3 d6 8.Nc3 b5
9.Bg5 Rb8 10.f4 b4 11.Ne2 h6 12.Bh4 g5 13.Bf2 Bg7 14.Be3 Ng6 15.f5 Nge5 16.Ng3 Nxd3
17.cxd3 exf5 18.Nxf5 Bxf5 19.Rxf5 Ne7 20.Rf2 O-O 21.h4 gxh4 22.Qd2 d5 23.e5 Ng6
24.d4 Rb6 25.Raf1 Qc8 26.Qe2 Rc6 27.Qh5 Rc2 28.Nc5 Rxf2 29.Rxf2 Kh7 30.Rf6 Qe8
31.Rxa6 h3 32.Rd6 Qb5 33.Qxh3 Qe2 34.Nd7 Re8 35.Bxh6 Qd1+ 36.Kh2 Qxd4 37.Be3+ Qh4
38.Qxh4+ Nxh4 39.Rxd5 Ng6 40.Bd4 Ra8 41.Rb5 Rxa2 42.Rxb4 Nf4 43.Rb7 Kg6 44.Bc3 Nd5
45.Bd4 Ra4 46.Bf2 Re4 47.Rb5 Nf4 48.Kg3 Nd3 49.Nc5 Bxe5+ 50.Kf3 Rf4+ 51.Ke3 Nxf2
52.Nd7 Ng4+ 53.Ke2 Rf2+ 54.Kd3 Bxb2  0-1

[Event "10th TCh-Euro sen"]
[Site "Dresden GER"]
[Date "2008.02.19"]
[Round "9"]
[White "Mann,D"]
[Black "Andersson,S"]
[Result "0-1"]
[WhiteElo "1781"]
[BlackElo "2076"]

1.e4 c5 2.Nf3 e6 3.d4 cxd4 4.Nxd4 a6 5.Bd3 Qc7 6.O-O Nf6 7.c3 b6 8.Re1 Bd6
9.Nf3 Nc6 10.Nbd2 Ng4 11.Nf1 Bb7 12.Bc2 h5 13.h3 O-O-O 14.Bg5 f6 15.Bh4 g5
16.Bg3 Nge5 17.Nxe5 Bxe5 18.Bxe5 Nxe5 19.Ne3 g4 20.h4 Ng6 21.g3 Ne5 22.Re2 f5
23.Ng2 fxe4 24.Bxe4 d5 25.Bc2 d4 26.Be4 dxc3 27.Bxb7+ Kxb7 28.Qc2 Nf3+ 29.Kh1 Qc6
30.bxc3 Rd6 31.Qe4 Rhd8 32.Qxc6+ Kxc6 33.Ne3 Rd2 34.Rxd2 Rxd2 35.Kg2 Kc5
36.a4 Ne5 37.Rb1 Nd3 38.Nd1 Ra2 39.Kf1 Rxa4 40.Nb2 Nxb2 41.Rxb2 b5 42.Re2 Ra1+
43.Kg2 Kd6 44.Rd2+ Ke7 45.f3 gxf3+ 46.Kxf3 Ra3 47.g4 Rxc3+  0-1

[Event "II ch-Ibero-Americano Gp B"]
[Site "Morelia MEX"]
[Date "2008.02.19"]
[Round "5"]
[White "Lorenzana,W"]
[Black "Galego,L"]
[Result "0-1"]
[WhiteElo "2230"]
[BlackElo "2529"]

1.e4 c5 2.Nf3 e6 3.d4 cxd4 4.Nxd4 a6 5.Bd3 Qc7 6.Qe2 d6 7.Be3 Nf6 8.Nd2 Be7
9.O-O Nbd7 10.f4 Nc5 11.a4 O-O 12.Kh1 Re8 13.a5 g6 14.N4b3 Nxb3 15.Nxb3 d5
16.Bb6 Qb8 17.e5 Nd7 18.Bd4 b5 19.axb6 Nxb6 20.Na5 Qc7 21.Qe3 Rb8 22.Rf3 Bb4
23.Nb3 Nc4 24.Qf2 Bf8 25.Rh3 Bg7 26.g4 h6 27.Rf3 a5 28.h4 Bd7 29.h5 g5 30.fxg5 Nxe5
31.Qg3 Rec8 32.Bxe5 Qxe5 33.Qxe5 Bxe5 34.gxh6 a4 35.h7+ Kg7 36.Nd2 Bxb2 37.Raf1 f6
38.g5 f5 39.Re3 Re8 40.g6 a3 41.Nb3 a2 42.Ree1 Rec8 43.Na1 Kh6 44.g7 Bxg7
45.Rg1 Rb4 46.Rg6+ Kxh7 47.c4 dxc4  0-1

[Event "XXIV Open"]
[Site "Cappelle La Grande FRA"]
[Date "2008.02.21"]
[Round "7"]
[White "Kienitz,A"]
[Black "Khurtsidze,N"]
[Result "1/2-1/2"]
[WhiteElo "2193"]
[BlackElo "2441"]

1.e4 c5 2.Nf3 e6 3.d4 cxd4 4.Nxd4 a6 5.Bd3 Nf6 6.O-O d6 7.c4 b6 8.Nc3 Bb7
9.Qe2 Nbd7 10.f4 g6 11.e5 dxe5 12.fxe5 Nh5 13.Be4 Bxe4 14.Nxe4 Nxe5 15.Nxe6 fxe6
16.Bg5 Be7 17.Rad1 Qc7 18.Bxe7 Kxe7 19.Qe3 Nf7 20.Qa3+ Ke8 21.Qa4+ b5 22.cxb5 Qb6+
23.Kh1 Qxb5 24.Qd4 Rd8 25.Qf2 Rf8 26.Nd6+ Rxd6 27.Rxd6 Nxd6 28.Qxf8+ Kd7
29.Rd1 Ng3+ 30.Kg1 Qc5+ 31.Qf2 Ne4 32.Qxc5 Nxc5 33.Rd4 Kc6 34.Rh4 h5 35.g4 g5
36.Rxh5 Nde4 37.h4 gxh4 38.Rxh4 Nd3 39.b3 Nf4 40.Rh8 e5 41.Ra8 Kb6 42.Rg8 Kc5
43.Ra8 Nf6 44.Rxa6 Nxg4 45.Ra8 e4 46.Re8 e3 47.Kf1 Nh2+ 48.Ke1 Nf3+ 49.Kd1 Kd4
50.a4 Kd3 51.a5 Nd4 52.Rxe3+ Kxe3 53.a6 Nb5 54.b4 Nd5 55.Kc2 Ndc7 56.a7 Na8
57.Kb3 Nb6 58.a8=Q Nxa8 59.Kc4 Nac7 60.Kc5 Ke4 61.Kc4 Ke5 62.Kd3 Kd5 63.Ke3 Ne6
64.Kf3 Ke5 65.Ke3 Nf4 66.Kf3 Nd5 67.Kg3 Kf5 68.Kf3 Nd4+ 69.Kf2 Nb5 70.Kf3 Ke5
71.Kg3 Ke4 72.Kg4 Ne3+ 73.Kg5 Ke5 74.Kg6 Ng4 75.Kg5 Nh2 76.Kg6 Nf3 77.Kg7 Ng5
78.Kg6 Nh3 79.Kg7 Nf4 80.Kf7 Nd5 81.Kg6 Kf4 82.Kf7 Kf5 83.Kg7 Nb6 84.Kf7 Nc8
85.Kg7 Ncd6 86.Kh6 Ne8 87.Kh5 Ng7+ 88.Kh4 Kf4 89.Kh3 Kf3 90.Kh4 Ne6 91.Kh5 Kf4
92.Kg6 Ke5 93.Kh5 Kf5 94.Kh4 Kf4 95.Kh5 Nf8 96.Kh4 Ng6+ 97.Kh5 Kf5 98.Kh6 Nf4
99.Kg7 Ke6 100.Kh6 Kf6 101.Kh7 Ne6 102.Kh6 Ng7 103.Kh7 Nf5 104.Kg8 Ke7 105.Kh8 Kf7
106.Kh7 Nc7 107.Kh8 Nd5 108.Kh7 Nf6+  1/2-1/2

[Event "1st Pfalz Open"]
[Site "Neustadt a.d. Weinstrasse GER"]
[Date "2008.02.21"]
[Round "7"]
[White "Moldovan,D"]
[Black "Markowski,T"]
[Result "0-1"]
[WhiteElo "2446"]
[BlackElo "2585"]

1.e4 c5 2.Nf3 e6 3.d4 cxd4 4.Nxd4 a6 5.Bd3 Nf6 6.Nc3 d6 7.O-O Be7 8.Qe2 b5
9.f4 Bb7 10.a4 b4 11.Nd1 O-O 12.a5 g6 13.Nf2 Re8 14.Kh1 Nbd7 15.e5 Nd5 16.Bd2 Bf8
17.c4 Nxf4 18.Bxf4 dxe5 19.Be4 Bxe4 20.Nxe4 exf4 21.Rad1 Qc7 22.Nb5 axb5
23.Rxd7 Qe5 24.cxb5 Rxa5 25.b6 f5  0-1

[Event "25th Festival Open A"]
[Site "Bled SLO"]
[Date "2008.02.23"]
[Round "1"]
[White "Kosir,F"]
[Black "Srebrnic,M"]
[Result "0-1"]
[WhiteElo "2107"]
[BlackElo "2321"]

1.e4 c5 2.Nf3 e6 3.d4 cxd4 4.Nxd4 a6 5.Bd3 Qb6 6.Nb3 Qc7 7.O-O Nf6 8.Nc3 d6
9.Kh1 b6 10.Be3 Bb7 11.a4 Nbd7 12.f3 Be7 13.Qe1 O-O 14.Qg3 Kh8 15.Rad1 Rac8
16.Nd4 Nc5 17.Rfe1 Rg8 18.Bc1 g5 19.h3 Rg7 20.Bf1 Ncd7 21.Qf2 Rcg8 22.Be3 h5
23.Be2 h4 24.Bd3 Nh5 25.Qd2 Ne5 26.Bf2 Bf6 27.Nce2 Ng6 28.Be3 Ngf4 29.Rg1 Be5
30.Rc1 Qd8 31.c4 Qf6 32.Nxf4 gxf4  0-1

[Event "1st Pfalz Open"]
[Site "Neustadt a.d. Weinstrasse GER"]
[Date "2008.02.23"]
[Round "9"]
[White "Korneev,O"]
[Black "Manolache,M"]
[Result "1-0"]
[WhiteElo "2645"]
[BlackElo "2530"]

1.e4 c5 2.Nf3 e6 3.d4 cxd4 4.Nxd4 a6 5.Bd3 d6 6.c4 Nd7 7.Nc3 Ngf6 8.O-O g6
9.Nf3 Qc7 10.h3 Bg7 11.Be3 O-O 12.Rc1 b6 13.Qd2 Bb7 14.Bh6 Bxh6 15.Qxh6 Ne5
16.Be2 Nxf3+ 17.Bxf3 Rab8 18.Rfd1 Rfc8 19.b3 Ne8 20.h4 Qe7 21.g3 Ba8 22.a4 Rc5
23.Rd3 Qf6 24.Rcd1 Qg7 25.Qe3 Bc6 26.Bg2 Rc8 27.Ne2 Ba8 28.Nf4 e5 29.Nd5 Bxd5
30.Rxd5 a5 31.Bh3 R8c7 32.Qg5 f6 33.Qd2 Qe7 34.h5 gxh5 35.Bf5 R5c6 36.Qh6 Qg7
37.Qxh5 Kf8 38.Kg2 Qg5 39.Qh3 Qg7 40.Rh1 Re7 41.Bxh7 Rf7 42.Qf5 Qg5 43.Bg6 Ng7
44.Rh8+  1-0

[Event "25th Festival Open A"]
[Site "Bled SLO"]
[Date "2008.02.24"]
[Round "2"]
[White "Plenca,J"]
[Black "Simic,Mi"]
[Result "1-0"]
[WhiteElo "2256"]
[BlackElo "2140"]

1.e4 c5 2.Nf3 e6 3.d4 cxd4 4.Nxd4 a6 5.Bd3 Nc6 6.Nf3 b5 7.O-O Qc7 8.Re1 Bd6
9.a4 b4 10.Nbd2 Nge7 11.Nc4 Ng6 12.Nxd6+ Qxd6 13.e5 Qc5 14.Qe2 Bb7 15.Be3 Qa5
16.Bd2 Qc5 17.Qe4 O-O 18.h4 Rfb8 19.Qe3 Qxe3 20.Rxe3 a5 21.Bxg6 hxg6 22.Rd3 Bc8
23.Re1 Kf8 24.Be3 f6 25.Bc5+ Kf7 26.Bd6 Rb6 27.Nd2 Ba6 28.Rg3 Nxe5 29.Bxe5 fxe5
30.Rxe5 d5 31.Reg5 Rc6 32.Rxg6 Rg8 33.h5 Rxc2 34.Nf3 Rxb2 35.Ne5+ Ke7 36.h6 Kd6
37.Nf7+ Ke7 38.h7 Kxf7 39.Rf6+  1-0

[Event "XI Open"]
[Site "Malaga ESP"]
[Date "2008.02.24"]
[Round "3"]
[White "Berbatov,K"]
[Black "Kovacevic,Sl"]
[Result "0-1"]
[WhiteElo "2195"]
[BlackElo "2413"]

1.e4 c5 2.Nf3 e6 3.d4 cxd4 4.Nxd4 a6 5.Bd3 Nf6 6.O-O d6 7.Nc3 Nbd7 8.Nb3 b6
9.f4 Bb7 10.Qe2 Qc7 11.Bd2 Be7 12.Rae1 O-O 13.e5 Ne8 14.Qg4 dxe5 15.f5 Nef6
16.Qh3 exf5 17.Bxf5 g6 18.Bd3 Rfe8 19.Bg5 b5 20.Qh4 Bd8 21.Nd2 Rc8 22.Re2 Nh5
23.Ref2 f6 24.Bh6 f5 25.Qh3 Nf4 26.Bxf4 exf4 27.Rxf4 Bg5 28.Rxf5 gxf5 29.Bxf5 Nf8
30.Nde4 Qg7 31.Bxc8 Bxc8 32.Qg3 Be7 33.Nd5 Qxg3 34.hxg3 Kg7 35.Nxe7 Rxe7
36.Nd6 Bd7 37.Nf5+ Bxf5 38.Rxf5 Rc7 39.c3 Rd7 40.a4 Rb7 41.b4 Nd7 42.a5 Rc7
43.Rd5 Nf6 44.Rd6 Rxc3 45.Rxa6 Rc4 46.Rb6 Rxb4 47.a6 Ra4 48.Rxb5 Rxa6 49.Kh2 Kg6
50.g4 Nxg4+ 51.Kg3 Nf6 52.Kf3 Rd6 53.Rb7 h5 54.Rb5 Rd5 55.Rb4 Kg5 56.g3 Rf5+
57.Kg2 Ng4 58.Rd4 Ne3+ 59.Kh3 Rf3 60.Kh2 Rf2+ 61.Kh3 Rf5 62.Rb4 Rd5 63.Ra4 Rd3
64.Ra5+ Nf5 65.Kh2 Kg4 66.Ra4+ Rd4 67.Ra8 Rd2+ 68.Kg1 Kxg3 69.Rg8+ Kf4 70.Kh1 h4  0-1

[Event "6th Festival Gp A"]
[Site "Nancy FRA"]
[Date "2008.02.24"]
[Round "9"]
[White "Nezar,M"]
[Black "Marzolo,C"]
[Result "1/2-1/2"]
[WhiteElo "2404"]
[BlackElo "2474"]

1.e4 c5 2.Nf3 e6 3.d4 cxd4 4.Nxd4 a6 5.Bd3 Nf6 6.O-O Qc7 7.Kh1 g6 8.f4 d6
9.f5 Bg7 10.Nc3 e5 11.Nf3 Nbd7 12.Bg5 b6 13.Nd5 Nxd5 14.exd5 b5 15.a4 bxa4
16.Nd2 Nc5 17.f6 Bf8 18.Bc4 Ne4 19.Nxe4 Qxc4 20.Nc3 Bd7 21.Re1 h6 22.Re4 Qc7
23.Bh4 g5 24.Be1 Rg8 25.Qf3 Rg6 26.Bg3 g4 27.Qf2 Rg5 28.Nxa4 Rb8 29.c4 Rb4
30.Nc3 Rxc4 31.Qe2 Rxe4 32.Nxe4 Bb5 33.Qd1 Rf5 34.Qxg4 Qd7 35.Qh4 h5 36.h3 Qb7
37.Nc3 Bd7 38.b4 Bh6 39.Qc4 Rxf6 40.Rxa6 Rg6  1/2-1/2

[Event "25th Festival Open A"]
[Site "Bled SLO"]
[Date "2008.02.25"]
[Round "4"]
[White "Buzeti,J"]
[Black "Plenca,J"]
[Result "1-0"]
[WhiteElo "2146"]
[BlackElo "2256"]

1.e4 c5 2.Nf3 e6 3.d4 cxd4 4.Nxd4 a6 5.Bd3 Nf6 6.O-O e5 7.Nb3 Be7 8.Nc3 O-O
9.f4 d6 10.h3 Nc6 11.Qe2 Be6 12.Be3 Rc8 13.Rad1 exf4 14.Bxf4 Ne5 15.Nd5 Nfd7
16.Nd4 Bg5 17.Qe3 Bxf4 18.Nxf4 Qe7 19.Nd5 Bxd5 20.Nf5 Qd8 21.exd5 Nc5 22.b4 Ncxd3
23.cxd3 Ng6 24.Rc1 Rxc1 25.Rxc1 Re8 26.Qd4 Re5 27.Qg4 h6 28.Rc8 Qxc8 29.Nxh6+ gxh6
30.Qxc8+ Kg7 31.Qxb7 Nf4 32.Qxa6 Re2 33.Qxd6 Nxg2 34.Qg3+ Kf8 35.Qxg2  1-0

[Event "Breizh Masters B"]
[Site "Guingamp FRA"]
[Date "2008.02.26"]
[Round "5"]
[White "Le Goff,D"]
[Black "Mullon,J"]
[Result "1-0"]
[WhiteElo "2217"]
[BlackElo "2329"]

1.e4 c5 2.Nf3 e6 3.d4 cxd4 4.Nxd4 a6 5.Bd3 Bc5 6.Nb3 Ba7 7.O-O Nc6 8.Qg4 Nf6
9.Qg3 d6 10.Kh1 e5 11.Nc3 Nh5 12.Qf3 Qh4 13.Be2 Nf6 14.Nd5 Nxd5 15.exd5 Ne7
16.c4 O-O 17.Qg3 Qxg3 18.hxg3 Nf5 19.g4 Nd4 20.Nxd4 Bxd4 21.a4 a5 22.Ra2 Bd7
23.b3 Bc5 24.Ba3 Ra6 25.Bxc5 dxc5 26.f3 f6 27.Bd1 g6 28.Re2 Raa8 29.Rfe1 Kg7
30.g3 Rae8 31.Re3 g5 32.Kg2 Rh8 33.Re4 Rhf8 34.Kf2 Re7 35.f4 gxf4 36.gxf4 Rfe8
37.fxe5 Rxe5 38.Rxe5 fxe5 39.Ke3 Re7 40.Rg1 Be8 41.Bc2 Rf7 42.Bf5 Kf6 43.Ke4 Bd7
44.Bxd7 Rxd7 45.Rf1+ Kg5 46.Kxe5 Re7+ 47.Kd6 Re3 48.Kc7  1-0

[Event "XI Open"]
[Site "Malaga ESP"]
[Date "2008.02.28"]
[Round "7"]
[White "Berbatov,K"]
[Black "Paunovic,D"]
[Result "1/2-1/2"]
[WhiteElo "2195"]
[BlackElo "2522"]

1.e4 c5 2.Nf3 e6 3.d4 cxd4 4.Nxd4 a6 5.Bd3 g6 6.Nc3 Bg7 7.Be3 d6 8.Qd2 Nf6
9.f3 O-O 10.O-O-O Nc6 11.Bc4 Nxd4 12.Bxd4 b5 13.Bb3 Bb7 14.g4 a5 15.Nxb5 a4
16.Bc4 d5 17.exd5 Bxd5 18.Bxd5 Qxd5 19.Bxf6 Qxb5 20.Bxg7 Kxg7 21.Rhe1 Rfc8
22.Kb1 Rc4 23.Qd3 Qc6 24.Re4 Rc5 25.c4 Rc8 26.b3 axb3 27.axb3 Qa8 28.Qc3+ Kg8
29.Rd2 Ra5 30.Ree2 Ra3 31.Ra2 Rd8 32.Red2 Rb8 33.Rdb2 Rd8 34.Rd2 Rb8 35.Rxa3 Qxa3
36.Kc2 Qa2+ 37.Qb2 Qa5 38.h4 h5 39.Re2 Qa8 40.Qc3 Qa2+ 41.Qb2 Qa8 42.Qc3 Qa2+
43.Qb2 Qa8 44.Qc3 Qa2+  1/2-1/2

[Event "65th ch-GEO w"]
[Site "Tbilisi GEO"]
[Date "2008.02.29"]
[Round "2"]
[White "Melia,S"]
[Black "Khurtsidze,N"]
[Result "1-0"]
[WhiteElo "2362"]
[BlackElo "2441"]

1.e4 c5 2.Nf3 e6 3.d4 cxd4 4.Nxd4 a6 5.Bd3 Bc5 6.Nb3 Ba7 7.Qe2 Nc6 8.Be3 Nge7
9.c4 d6 10.Nc3 O-O 11.O-O e5 12.Bxa7 Rxa7 13.Qe3 Ra8 14.Rfd1 Nb4 15.a3 Nxd3
16.Qxd3 Bg4 17.Rd2 Rc8 18.Qxd6 Qxd6 19.Rxd6 Rxc4 20.Na5 Rc7 21.Rb6 Bc8 22.Rd1 f6
23.Nd5 Nxd5 24.exd5 Rd8 25.Kf1 Rc5 26.Nxb7 Bxb7 27.Rxb7 Rdxd5 28.Rxd5 Rxd5
29.Ke2 Rc5 30.Kd2 Rd5+ 31.Ke2 a5 32.a4 Rd4 33.b3 Re4+ 34.Kd2 Rd4+ 35.Ke2 Re4+
36.Kd2 Rd4+ 37.Kc3 Rf4 38.f3 e4 39.fxe4 Rf2 40.Rb5 Rxg2 41.Rxa5 Rxh2 42.Rd5 g5
43.Rd2 Rh3+ 44.Kc4 Rh1 45.Ra2 Rc1+ 46.Kd3 h5 47.a5 h4 48.a6 Rc8 49.a7 Ra8
50.Ke3 Kf7 51.b4 Ke7 52.Ra6 Kd8 53.b5 h3 54.Kf2 g4 55.Kg3 Kc7 56.Rxf6 Kb7
57.Ra6 h2 58.Kxh2 Rh8+ 59.Kg3 Ka8 60.Kxg4 Rh1 61.e5 Rb1 62.b6  1-0

[Event "25th Festival Open A"]
[Site "Bled SLO"]
[Date "2008.03.01"]
[Round "9"]
[White "Kersic,M"]
[Black "Simic,Mi"]
[Result "1-0"]
[WhiteElo "2199"]
[BlackElo "2140"]

1.e4 c5 2.Nf3 e6 3.d4 cxd4 4.Nxd4 a6 5.Bd3 Nc6 6.Be3 Qc7 7.O-O Nf6 8.c4 Bd6
9.h3 Bh2+ 10.Kh1 Be5 11.Bc2 Qd6 12.c5 Qc7 13.Na3 d5 14.cxd6 Bxd6 15.Ndb5 axb5
16.Nxb5 Qd7 17.Nxd6+ Kf8 18.b4 h5 19.Bc5 Kg8 20.f4 b6 21.Nxc8 Qxc8 22.Bd6 Ne8
23.Bb3 Qd7 24.b5 Qxd6 25.bxc6 Qxc6 26.f5 Rh6 27.e5 Ra5 28.Rc1 Rc5 29.Rxc5 bxc5
30.Ba4 Qc8 31.fxe6 Qxe6 32.Qd8 Kf8 33.Qb8 f6 34.exf6 gxf6 35.Rd1 Qe5 36.Rd8  1-0